000 00683nam a22002177a 4500
005 20250128121058.0
010 _aENG-124605 ENG-143649
020 _a9789352718757
_c395.00
020 _a9789352718757
_c495.00
035 _aEN-108137
035 _aEN-127181
037 _bDBAD/PUB
082 _a332.6457
100 _aYaragol, Prakash B
_977189
245 _aFinancial derivatives:
_cby Prakash B Yaragol
_btext & cases/
260 _aNew Delhi
_bVikas Publishing House
_c2018
270 _a7361, Ravindra Mansion, Ram Nagar,
_bNew Delhi
_e110002
300 _a487P.
_c24cm.(pbk)
_bill.
500 _aIt includes index
942 _2ddc
_cEN
_mYAR
_h332.6457
999 _c159653
_d159653